000 00487nam a2200169 i 4500
001 71878
003 ES-MaACL
005 20230906171245.0
007 t|
008 040819s1921 fr ||||1| fre d
100 1 _aGide, Charles.
_956675
245 1 0 _aCours d'Economie Politique /
_cpar Charles Gide.
260 _aParis :
_b[s.n.,
_c1921] (
_eBordeaux :
_fJ. Cadoret)
300 _a2 v. ;
_c23 cm.
500 _aEl v. 2 pertenece a la 6ยช ed., 1920.
852 _aES-MaACL
_jB-5617-5618
999 _c71878
_d71878